<?xml version="1.0" encoding="UTF-8"?><?xml-stylesheet type="text/xsl" href="static/style.xsl"?><OAI-PMH xmlns="http://www.openarchives.org/OAI/2.0/" xmlns:xsi="http://www.w3.org/2001/XMLSchema-instance" xsi:schemaLocation="http://www.openarchives.org/OAI/2.0/ http://www.openarchives.org/OAI/2.0/OAI-PMH.xsd"><responseDate>2026-04-27T15:22:52Z</responseDate><request verb="GetRecord" identifier="oai:riubu.ubu.es:10259/7713" metadataPrefix="marc">https://riubu.ubu.es/oai/request</request><GetRecord><record><header><identifier>oai:riubu.ubu.es:10259/7713</identifier><datestamp>2024-04-12T11:34:32Z</datestamp><setSpec>com_10259_4201</setSpec><setSpec>com_10259_5086</setSpec><setSpec>com_10259_2604</setSpec><setSpec>col_10259_4505</setSpec></header><metadata><record xmlns="http://www.loc.gov/MARC21/slim" xmlns:doc="http://www.lyncode.com/xoai" xmlns:xsi="http://www.w3.org/2001/XMLSchema-instance" xmlns:dcterms="http://purl.org/dc/terms/" xsi:schemaLocation="http://www.loc.gov/MARC21/slim http://www.loc.gov/standards/marcxml/schema/MARC21slim.xsd">
<leader>00925njm 22002777a 4500</leader>
<datafield tag="042" ind1=" " ind2=" ">
<subfield code="a">dc</subfield>
</datafield>
<datafield tag="720" ind1=" " ind2=" ">
<subfield code="a">Peral, Luis Borja</subfield>
<subfield code="e">author</subfield>
</datafield>
<datafield tag="720" ind1=" " ind2=" ">
<subfield code="a">Díaz Portugal, Andrés</subfield>
<subfield code="e">author</subfield>
</datafield>
<datafield tag="720" ind1=" " ind2=" ">
<subfield code="a">Arniella, V.</subfield>
<subfield code="e">author</subfield>
</datafield>
<datafield tag="720" ind1=" " ind2=" ">
<subfield code="a">Belzunce, J.</subfield>
<subfield code="e">author</subfield>
</datafield>
<datafield tag="720" ind1=" " ind2=" ">
<subfield code="a">Alegre Calderón, Jesús Manuel</subfield>
<subfield code="e">author</subfield>
</datafield>
<datafield tag="720" ind1=" " ind2=" ">
<subfield code="a">Cuesta Segura, Isidoro Iván</subfield>
<subfield code="e">author</subfield>
</datafield>
<datafield tag="260" ind1=" " ind2=" ">
<subfield code="c">2023-09</subfield>
</datafield>
<datafield tag="520" ind1=" " ind2=" ">
<subfield code="a">The influence of hydrogen on the mechanical behavior of a quenched and tempered 42CrMo4 steel has been evaluated by means of high internal pressure fracture tests carried out on hydrogen precharged notched cylindrical specimens. The notched cylindrical specimens were precharged in a 1 M H2SO4 + 0.25 g/l As2O3 solution for 3 h with 1.2 mA/cm2. Hydraulic fracture tests were performed at different loading rates. Hydrogen embrittlement resistance increased with grain size refinement although the fine grained specimen had a higher hydrogen content than the coarse grained one. Fractographic analysis showed hydrogen enhanced decohesion fracture was less pronounced with decreasing grain size. Hydrogen embrittlement susceptibility is discussed in terms of the prior austenite grain size (PAGS) and the operative fracture mechanisms.</subfield>
</datafield>
<datafield tag="024" ind2=" " ind1="8">
<subfield code="a">0013-7944</subfield>
</datafield>
<datafield tag="024" ind2=" " ind1="8">
<subfield code="a">http://hdl.handle.net/10259/7713</subfield>
</datafield>
<datafield tag="024" ind2=" " ind1="8">
<subfield code="a">10.1016/j.engfracmech.2023.109414</subfield>
</datafield>
<datafield ind1=" " ind2=" " tag="653">
<subfield code="a">High internal pressure</subfield>
</datafield>
<datafield ind1=" " ind2=" " tag="653">
<subfield code="a">PAGS</subfield>
</datafield>
<datafield ind1=" " ind2=" " tag="653">
<subfield code="a">Hydrogen cathodic precharge</subfield>
</datafield>
<datafield ind1=" " ind2=" " tag="653">
<subfield code="a">Martensitic lath decohesion</subfield>
</datafield>
<datafield ind1=" " ind2=" " tag="653">
<subfield code="a">Hydrogen embrittlement</subfield>
</datafield>
<datafield tag="245" ind1="0" ind2="0">
<subfield code="a">Influence of hydrogen on the hydraulic fracture behavior of a 42CrMo4 steel welds: Effect of the prior austenite grain size</subfield>
</datafield>
</record></metadata></record></GetRecord></OAI-PMH>